000 00342nam a2200157Ia 4500
008 230605s1992 xx 000 0 und d
041 _aeng
100 _aArora
245 _aTheory of cookery
260 _bFrank Brothers & Co.
_c1992
300 _a250p
365 _h10
520 _aGeneral
520 _aHard Board
650 _aF.Pro
999 _c419593
_d419593